LEADER 01542ngm 22005051 450 001 9910867350003321 005 20250331110045.0 010 $a9781071830437 010 $a1071830430 035 $a(CKB)5450000000019150 035 $a(OCoLC)1200001547 035 $a(CaToSAGE)SAGE000010086 035 $a(NjHacI)995450000000019150 035 $a275963 035 $a(OOMM)MDP055 035 $a(EXLCZ)995450000000019150 100 $a20200929d2019 fy v 101 0 $aeng 135 $aur|za|||||||| 181 $ctdi$2rdacontent 182 $cc$2rdamedia 182 $cv$2rdamedia 183 $acr$2rdacarrier 200 00$aNeuromuscular junction 210 1$aLos Angeles, CA :$cSAGE Publications, Inc.,$d2019. 215 $a1 online resource (1 video file (00:01:15)) $csound, colour 225 1 $a2-Minute Neuroscience Videos 330 8 $aThe parts of and the processes that occur in a neuromuscular junction are explained through the series of steps leading to muscle contraction. 410 0$a2-Minute Neuroscience Videos 606 $aMyoneural junction 606 $aMuscle contraction 606 $aMuscles$xPhysiology 615 0$aMyoneural junction. 615 0$aMuscle contraction. 615 0$aMuscles$xPhysiology. 676 $a612.74 712 02$aMarc Dingman, 712 02$aMcIntyre Media Inc., 801 0$bCaToSAGE 801 1$bCaToSAGE 801 2$bUtOrBLW 906 $aVIDEO 912 $a9910867350003321 996 $aNeuromuscular junction$94170667 997 $aUNINA LEADER 02063nam 2200505z- 450 001 9910557473603321 005 20211118 035 $a(CKB)5400000000043062 035 $a(oapen)https://directory.doabooks.org/handle/20.500.12854/74308 035 $a(oapen)doab74308 035 $a(EXLCZ)995400000000043062 100 $a20202111d2020 |y 0 101 0 $aeng 135 $aurmn|---annan 181 $ctxt$2rdacontent 182 $cc$2rdamedia 183 $acr$2rdacarrier 200 00$aStatus Go for Preclinical Imaging 210 $cFrontiers Media SA$d2020 215 $a1 online resource (198 p.) 311 08$a2-88966-172-5 330 $aThis eBook is a collection of articles from a Frontiers Research Topic. Frontiers Research Topics are very popular trademarks of the Frontiers Journals Series: they are collections of at least ten articles, all centered on a particular subject. With their unique mix of varied contributions from Original Research to Review Articles, Frontiers Research Topics unify the most influential researchers, the latest key findings and historical advances in a hot research area! Find out more on how to host your own Frontiers Research Topic or contribute to one as an author by contacting the Frontiers Editorial Office: frontiersin.org/about/contact 606 $aPhysics$2bicssc 606 $aScience: general issues$2bicssc 610 $amicroscopy 610 $aMRI 610 $aPET 610 $apreclinical imaging 610 $aquantification 610 $aSPECT 610 $aultrasound 615 7$aPhysics 615 7$aScience: general issues 700 $aKuntner$b Claudia$4edt$01312873 702 $aBaumann$b Bernhard$4edt 702 $aTavares$b Adriana$4edt 702 $aHess$b Andreas$4edt 702 $aKuntner$b Claudia$4oth 702 $aBaumann$b Bernhard$4oth 702 $aTavares$b Adriana$4oth 702 $aHess$b Andreas$4oth 906 $aBOOK 912 $a9910557473603321 996 $aStatus Go for Preclinical Imaging$93031054 997 $aUNINA LEADER 01617oas 2200601 a 450 001 9910894476703321 005 20260218112609.0 035 $a(DE-599)ZDB2582762-5 035 $a(OCoLC)762006928 035 $a(CONSER) 2012252242 035 $a(CKB)2670000000042139 035 $a(DE-599)2582762-5 035 $a(EXLCZ)992670000000042139 100 $a20110210a20109999 uy 101 0 $atur 135 $aur|n||||||||| 181 $ctxt$2rdacontent 182 $cc$2rdamedia 183 $acr$2rdacarrier 200 00$aE-uluslararas? eg?itim aras?t?rmalar? dergisi 210 $aTurkey $c[Erdal Toprakci] 215 $a1 online resource (volumes) 311 1 $a1309-6265 517 1 $aE-international journal of educational research 517 1 $aE-UEAD 517 1 $aE-IJER 531 0 $aUluslar. eg?it. ars?. derg. 606 $aEducation$vPeriodicals 606 $aEducation$zTurkey$vPeriodicals 606 $aEducation$2fast$3(OCoLC)fst00902499 607 $aTurkey$2fast$1https://id.oclc.org/worldcat/entity/E39PBJxmHG9jJjCTM3y4pFRqcP 608 $aPeriodicals.$2fast 615 0$aEducation 615 0$aEducation 615 7$aEducation. 801 0$bAU@ 801 1$bAU@ 801 2$bOCLCQ 801 2$bWAU 801 2$bCUS 801 2$bOCLCF 801 2$bOCLCQ 801 2$bOCLCO 801 2$bOCLCQ 801 2$bOCLCA 801 2$bSRU 801 2$bOCLCQ 801 2$bOCLCL 801 2$bOCLCQ 906 $aJOURNAL 912 $a9910894476703321 996 $aE-uluslararas? e?itim ara?t?rmalar? dergisi$94234146 997 $aUNINA